Construction guide for soils and foundation
| Main Author: | |
|---|---|
| Other Authors: | |
| Format: | Book |
| Published: |
New York :
Wiley ,
c1974
|
| Subjects: |
MARC
| LEADER | 00000cam a2200000 7i4500 | ||
|---|---|---|---|
| 001 | 0000001888 | ||
| 005 | 20050613.0 | ||
| 040 | |a INS | ||
| 090 | 0 | 0 | |a TA775. |b F55 1974 |
| 100 | 1 | |a Fletcher, Gordon A. | |
| 245 | 1 | 0 | |a Construction guide for soils and foundation |c Gordon A. Fletcher Land |
| 260 | |a New York : |b Wiley , |c c1974 | ||
| 300 | |a xviii : |b 420p. | ||
| 650 | 0 | 0 | |a Foundations |x contrac and specifications |
| 700 | 1 | |a Smoots, Vernon A. | |
| 999 | |a 0000000621 |b BOOK |c Open Shelf |e Default branch | ||